Missing Word: '60s Disney Quiz Stats

 Plays Quiz Updated Mar 30, 2016

Score 0/20 Timer 04:00
2 Plays Today
Disney Feature Word % Correct
_____ PoppinsMary
97.4%
The Jungle _____Book
97.2%
The Parent _____Trap
96.4%
The Sword in the _____Stone
94.4%
_____ Family RobinsonSwiss
90%
The Computer Wore Tennis _____Shoes
88.6%
Never A _____ MomentDull
88.6%
One Hundred and One _____Dalmatians
87.9%
The _____ - Minded ProfessorAbsent
79.2%
_____ in ToylandBabes
78%
Disney Feature Word % Correct
Lt. _____ Crusoe, U.S.N.Robin
71.4%
The _____ BugLove
62.9%
Bon _____Voyage!
60.4%
The _____ JourneyIncredible
49.5%
In _____ of the CastawaysSearch
39.7%
Blackbeard's _____Ghost
28.9%
Nikki, Wild Dog of the _____North
28.6%
The _____ Lives of ThomasinaThree
23%
The _____ of Bullwhip GriffinAdventures
19.9%
The _____ of ZorroSign
9.2%

Today's Daily Dose

Word Ladder
Big Phrases

Quick Pick
SNL Movies

Get the Picture
Ron or Howard

You're not logged in!

Compare scores with friends on all Sporcle quizzes.
OR
Log In

Show Comments

Extras

Top Quizzes Today


Score Distribution

Your Account Isn't Verified!

In order to create a playlist on Sporcle, you need to verify the email address you used during registration. Go to your Sporcle Settings to finish the process.

Report this User

Report this user for behavior that violates our Community Guidelines.

Details: